000 00570nam a2200193Ia 4500
003 GCL
008 140319s9999 xx 000 0 ara d
040 _aGCL /
_cGCL
082 0 4 _a962.4
_bن ت
100 1 _aنعوم شقير
245 1 0 _aتاريخ السودان الحديث /
_cنعوم شقير
300 _a736 ص
490 _a100 قصة
_v0
650 0 4 _aالعصر الحديث
650 0 4 _aالحكم المصرى البريطانى
650 0 4 _aالثورة المهدية ( 1899-1882 )
650 0 4 _aالسودان - تاريخ
942 _2ddc
_cBK
999 _c46384
_d46384